000
00381nam a2200145Ia 4500
008
230718s9999 xx 000 0 und d
041
_a
Eng.
082
_a
30
_b
تلک-د
100
_a
تلک ، پروفسیر فتح محمد
245
0
_a
درسی اردو لغت
260
_a
Pakistan
_b
پر سیر فتح ممر ملک
_c
2001
300
_a
138
650
_a
Law
999
_c
28714
_d
28714